000 00434nam a22001817a 4500
003 MPLRDC
005 20220104114221.0
008 210129b ||||| |||| 00| 0 eng d
020 _a7-101-00973-5
082 _a121.31 YZ
100 _a严遵
245 _a老子指归
_c王德有点校
250 _a一版一刷
260 _a
_b中华书局
_c1994
300 _b
650 _a先秦哲学--老子
942 _cBK
_o121.31 YZ
999 _c5744
_d5734